STN EN ISO 8185: 2008 (85 2119), Zvlhčovače respiračného traktu používané v zdravotníctve. Všeobecné požiadavky a zvlhčovacie systémy (ISO 8185: 2007).
Táto norma je slovenskou verziou európskej normy EN ISO 8185: 2007
Uložené v:
| Ďalší autori: | |
|---|---|
| Médium: | Norma |
| Jazyk: | Slovak English |
| Vydané: |
Bratislava :
Slovenský ústav technickej normalizácie,
2008.
|
| Témy: | |
| Fyzický popis: |
48 s. |
| Tagy: |
Pridať tag
Žiadne tagy, Buďte prvý kto otaguje tento záznam!
|
Titul je dostupný aj v ... 

MARC
| LEADER | 00000nam a2200000 a 4500 | ||
|---|---|---|---|
| 001 | 000336708 | ||
| 003 | SVKKK | ||
| 005 | 20240118094256.0 | ||
| 008 | 080221s2008 xo f u #0|| 0#slo c | ||
| 020 | |c 495.00 Sk (cen. skup. 14) | ||
| 040 | |a SVK |b slo |c SVK |e AACR2 | ||
| 041 | 1 | # | |a slo |h eng |
| 044 | |a xo |c SK | ||
| 046 | |a m |m 200801 (účin.) |n 20220701 (zruš.) | ||
| 084 | |a 93.080.20 |2 ICS | ||
| 130 | 0 | |a STN 85 2119 (STN EN ISO 8185) | |
| 245 | 1 | 0 | |a STN EN ISO 8185: 2008 (85 2119), Zvlhčovače respiračného traktu používané v zdravotníctve. Všeobecné požiadavky a zvlhčovacie systémy (ISO 8185: 2007). |
| 246 | 1 | 0 | |a Zvlhčovače respiračného traktu používané v zdravotníctve |
| 246 | 1 | 0 | |a Všeobecné požiadavky a zvlhčovacie systémy (ISO 8185: 2007) |
| 246 | 3 | 0 | |a EN ISO 8185: 2007 |
| 260 | # | |a Bratislava : |b Slovenský ústav technickej normalizácie, |c 2008. | |
| 300 | |a 48 s. | ||
| 500 | |a Norma je zrušená od 1.7.2022 | ||
| 500 | |a Táto norma nahrádza STN EN ISO 8185 z apríla 2001 v celom rozsahu | ||
| 500 | |a Spracovateľ: Miroslav Gatial. Technická komisia: TK 102 Zdravotnícke pomôcky | ||
| 520 | 8 | |a Táto norma je slovenskou verziou európskej normy EN ISO 8185: 2007 | |
| 540 | |a Normy sa podľa zákona č. 264/1999 Z. z. nesmú kopírovať | ||
| 655 | 7 | |a normy |2 SNKPH | |
| 700 | 1 | # | |a Gatial, Miroslav |4 trl |
| 710 | 2 | # | |a Slovenský ústav technickej normalizácie (Bratislava, Slovensko) |b Technická komisia č. 102 Zdravotnícke pomôcky |4 stn |
| 910 | |a svkkk | ||
| 998 | |a NO | ||
| 090 | |g SCKHL |k Normy Pribinova 1 |a STN EN ISO 8185 |j 2367 |i I10518 |s Normy-prez. | ||